Datum a čas kvízu
20
Celkem bodů
Celkový počet nahraných bodů na tomto kvízu bez doplňovacích otázek.
5.
Pořadí na kvízu
Konečné umístění týmu na tomto kvízu.
Zaznamenané odpovědi
| # | Otázka | Odpověď | Body | Výsledky |
|---|---|---|---|---|
| 1. | V minulých dnech byl zveřejněn... | 0 | ||
| 2. | V severoitalské Pavii byl v mi... | 0 | ||
| 3. | Která naše televizní stanice o... | 1 | ||
| 4. | Švýcarská společnost Nestlé pr... | 1 | ||
| 5. | Slávističtí fotbalisté v 3. př... | 1 | ||
| 5. | Halí, belí, koně v zelí a ___... | 1 | ||
| 7. | Novinkou ve světě rodičů je tz... | 1 | ||
| 8. | Jak se jmenuje značka kojeneck... | 0 | ||
| 5. | Jak se nazývá u savců tzv. prv... | 0 | ||
| 10. | Na závěr si dovolíme jeden osl... | 0 |